02646nkc a2200373za 450000100060000000300040000600500170001000700070002700800410003404000240007510000410009924500370014026000240017730001000020150003210030150001920062250000650081450001340087950001690101350400520118250500350123451001510126951002100142056101300163061000490176065100260180965500400183570000600187585200120193585601500194794200250209795201330212299900170225584472OSt20260319094205.0kh boc250410s19101911sp ||||| ||||||0| i|spa d aM-RABAbspacM-RABA1 aElorza, Lorenzod(1861-1931)911106810aHueto Abajob: Ábsidec/ L. E. c[ca. 1910 – 1911] a1 fotografíab: gelatina de platac; imagen 12 x 16,5 cmc; soporte secundario 21,5 x 26,5 cm aVista del ábside de la iglesia parroquial de San Vicente en Hueto Abajo, donde se aprecia el cuerpo central con tres ochavos fronteros en sillería y mampostería, separados por cuatro medias columnas. Tres vanos con arcos ligeramente apuntados se abren en los ochavos con arquivoltas y trasdoses de medio punto. aFotografía montada sobre soporte secundario de cartulina azul enmarcada con orla en relieve. Título y numeración manuscrita que hace referencia a la posición en la serie “90”. aSello con monograma del fotógrafo en tinta roja “L.E.” aFechas tomadas de la ejecución del positivo de las fotografías, incluido el soporte secundario. (Soto Madrazo, Javier. 2008). aForma parte de un conjunto de 167 fotografías empleadas por Federico Baráibar Zumárraga para la elaboración del Inventario del Románico en Álava (1911). aBaraibar, F.: "Rincones artísticos", M. 1914. aHueto-abajo- Ábside. / L. E. aDescripción tomada de: Soto Madrazo, Javier (2008). Federico Baraibar y el Inventario del Románico en Álava: una caja con 167 fotografías. aEsta colección fue utilizada posteriormente por Cristóbal de Castro para la elaboración y publicación del "Catálogo Monumental de España: provincia de Álava", Madrid, S. de Rivadeneira, 1915. aDonadas junto con la memoria manuscrita a la Academia por el mismo Baraibar (Sesión 12 de febrero de 1912, Archivo: 4-32-1)24aIglesia de San Vicente (Hueto Abajo)9111623 7aÁlava2embne975661 0aFotografías de monumentos91115801 aBaráibar y Zumárraga, Federico d(1851-1918)912926 jFot-199 3Fot-199uhttps://archivoybiblioteca.realacademiabellasartessanfernando.com/cgi-bin/koha/opac-retrieve-file.pl?id=a7271bf06df1d64a03849a5a6f9b06af 2ddccFOTOGRAFÍAn0 00102ddc40708FOTOGRAFIAaRABASFbRABASFcDP2d2025-04-10l0oFot-199p1095348r2025-04-10 13:45:49w2025-04-10yFOTOGRAFÍA c84472d84472